Δρόμοι Εξέλιξης στο "Επιχειρείν" / Προβληματισμοί Καινοτομίας - Αλλαγής - Επιχειρηματικότητας - Μετασχηματισμών (Record no. 1364)
[ view plain ]
| 000 -LEADER | |
|---|---|
| fixed length control field | 01545cam a22002174a 4500 |
| 005 - ΗΜΕΡΟΜΗΝΙΑ ΚΑΙ ΩΡΑ ΤΕΛΕΥΤΑΙΑΣ ΕΝΗΜΕΡΩΣΗΣ | |
| Πεδίο ελέγχου | 20250605164006.0 |
| 008 - FIXED-LENGTH DATA ELEMENTS--GENERAL INFORMATION | |
| Πεδίο ελέγχου σταθερού μήκους | 250528s ||||||||||||||||||||||||d |
| 035 ## - SYSTEM CONTROL NUMBER | |
| System control number | 15813 |
| 020 ## - ISBN | |
| ISBN | 9600341923 |
| 040 ## - ΠΗΓΗ ΚΑΤΑΛΟΓΟΓΡΑΦΗΣΗΣ | |
| Φορέας πρωτότυπης καταλογογράφησης | MC Athens Campus Library |
| Γλώσσα καταλογογράφησης | Ελληνικά, Μοντέρνα (1453-) |
| Modifying agency | MC Athens Campus Library |
| Κανόνες περιγραφικής καταλογογράφησης | AACR2 |
| 245 1# - ΤΙΤΛΟΣ ΚΑΙ ΔΗΛΩΣΗ ΥΠΕΥΘΥΝΟΤΗΤΑΣ | |
| Τίτλος | Δρόμοι Εξέλιξης στο "Επιχειρείν" / Προβληματισμοί Καινοτομίας - Αλλαγής - Επιχειρηματικότητας - Μετασχηματισμών |
| 250 ## - EDITION STATEMENT | |
| Edition statement | 1η |
| 260 ## - PUBLICATION, DISTRIBUTION, ETC. | |
| Name of publisher, distributor, etc. | Καστανιώτη, |
| Date of publication, distribution, etc. | 2006 |
| 300 ## - PHYSICAL DESCRIPTION | |
| Extent | 248 |
| 520 ## - SUMMARY, ETC. | |
| Summary, etc. | Το συγκεκριμένο βιβλίο προσεγγίζει πτυχές καινοτομίας, αλλαγής, επιχειρηματικότητας και μετασχηματισμών, που υπονοούν δρόμους εξέλιξης στο ''επιχειρείν'', και θέτει προβληματισμούς που τις συνδυάζουν. Πρόλογος, Λεξιλόγιο Εννοιών Μάνατζμεντ και Στρατηγικού Μάνατζμεντ και Μάρκετινγκ, Καινοτομία στην Επιχείρηση, Αλλαγή στην Επιχείρηση, Θέματα Επιχειρηματικότητας, Μετασχηματισμοί στο ''Επιχειρείν'', Απόδοση Αγγλικών Όρων στα Ελληνικά, Ευρετήριο. |
| 700 1# - ΠΡΟΣΘΕΤΗ ΑΝΑΓΡΑΦΗ--ΦΥΣΙΚΟ ΠΡΟΣΩΠΟ | |
| Personal name | Λιούκας Σπύρος |
| 9 (RLIN) | 1814 |
| 700 1# - ΠΡΟΣΘΕΤΗ ΑΝΑΓΡΑΦΗ--ΦΥΣΙΚΟ ΠΡΟΣΩΠΟ | |
| Personal name | Σαλαβού Ελένη Ε |
| 9 (RLIN) | 1815 |
| 942 ## - ADDED ENTRY ELEMENTS (KOHA) | |
| Koha item type | Books |
| Τύπος τεκμηρίου | Βιβλιοθήκη | Τρέχουσα τοποθεσία | Barcode | Αριθμός εισαγωγής | Ημερομηνία απόκτησης | Ταξιθετικό σύμβολο | Αριθμός αντιτύπου | Κατάσταση απόσυρσης | Κατάσταση χαμένου | Κατάσταση κατεστραμμένου | Μη δανεισμός | Σύνολο δανεισμών | Ημερομηνία τελευταίας εμφάνισης | Η τιμή ισχύει από |
|---|---|---|---|---|---|---|---|---|---|---|---|---|---|---|
| Books | MC Athens Campus Library | MC Athens Campus Library | 9780000013637 | 2197 | 05/06/2025 | 658.4012 SAL | 1 | 05/06/2025 | 05/06/2025 |